Schaum's outline of theory and problems of advanced accounting
Saved in:
| Main Author: | |
|---|---|
| Other Authors: | |
| Format: | Book |
| Language: | English |
| Published: |
New York :
McGraw-Hill,
c1982
|
| Series: | Schaum's outline series
|
| Subjects: | |
| Tags: |
Add Tag
No Tags, Be the first to tag this record!
|
MARC
| LEADER | 00000cam a2200000 i 4500 | ||
|---|---|---|---|
| 001 | 1/59336 | ||
| 008 | 960410s1982 eng d | ||
| 020 | |a 0070711380 |c $6.95 | ||
| 035 | |l 10028521 | ||
| 040 | |a GR-MY-UA |b gre |e aacr | ||
| 041 | 0 | |a eng | |
| 082 | 0 | |a 657.046 |2 (19) | |
| 100 | 1 | |a Wiseman, Joseph A. | |
| 245 | 1 | 0 | |a Schaum's outline of theory and problems of advanced accounting / |c by Joseph A. Wiseman and James A. Cashin |
| 246 | 3 | 3 | |a Outline of theory and problems of advanced accounting |
| 260 | |a New York : |b McGraw-Hill, |c c1982 | ||
| 300 | |a 402 p.; |c 28 cm | ||
| 490 | 1 | |a Schaum's outline series | |
| 500 | |a Includes index | ||
| 650 | 0 | 0 | |a Accounting |x Problems, exercises, etc. |
| 700 | 1 | |a Cashin, James A. | |
| 830 | 0 | |a Schaum's outline series | |
| 852 | |a INST |b CHIOS |e 19960410 |h 657.046 WIS |p 005200004722 |q 005200004722 |t BK |y 0 | ||
| 909 | |a Χ |b 000777 | ||